| 000 | 00712nam a22002297a 4500 | ||
|---|---|---|---|
| 005 | 20170124105921.0 | ||
| 010 | _aB-226987 | ||
| 020 |
_a9798189072086 _c300.00 |
||
| 035 | _aB-226987 | ||
| 037 | _bCen Lib/Ret | ||
| 040 |
_aDPL _bEN |
||
| 082 |
_a305.56 _bSIN |
||
| 100 |
_aSingh, Shriprakash _94687 |
||
| 245 |
_aDr. Amedkar on minorities / _cby Shriprakash Singh |
||
| 260 |
_a New Delhi _bIndia first foundation _c2005 |
||
| 270 |
_aG-3 Dhawandeep building 6, Jantar mantar road _b New Delhi _e110001 |
||
| 300 |
_axx,168p. _c24cm(Hb) |
||
| 500 | _aInculdes bibliography | ||
| 650 |
_aPolitical science _9107729 |
||
| 650 |
_aMinorities-India _94689 |
||
| 942 |
_2ddc _cEN _h305.56 _mSIN |
||
| 999 |
_c123196 _d123196 |
||